000 01021nam a22002297a 4500
003 OSt
005 20250916181304.0
008 240325b ||||| |||| 00| 0 eng d
040 _c0
082 _aDPer 621.381 In821 September 2022 v. 37 n. 9
100 _aBorrell, Angel.
_eauthor.
_955274
245 _aCollaborative voltage unbalance compensation in islanded AC microgrids with grid-forming inverters /
_cAngel Borrell, Manel Velasco, Miguel Castilla, Jaume Miret, and Ramon Guzman.
260 _aNew York ;
_bThe Institute of Electrical and Electronics Engineers, Inc. ,
_cSeptember 2022.
300 _aVolume 37, pages 10499-10513 :
_billustration ;
_c28 cm.
500 _aIEEE Transitions on Power Electronics, v. 37 n. 9, pages 10499-10513 September 2022.
700 _aBorrell, Angel.
_eauthor.
_955274
700 _aVelasco, Manel.
_eauthor.
_955275
700 _aCastilla, Miguel.
_eauthor.
_955276
700 _aMiret, Jaume.
_eauthor.
_955277
700 _aGuzman, Ramon.
_eauthor.
_955278
942 _2ddc
_cPER
999 _c19828
_d19828